000 00440nam a2200193Ia 4500
001 14260
003 GE_BSU
008 181216s||||||||xx |||||||||||||| ||und||
020 _a027642140X
040 _cGE_BSU
080 _a61
245 _aGood Health fact Book
260 _aLondon
260 _bThe reader's digest association Limited
260 _c1995
300 _a480p.ill.26cm.
653 _aGood Health fact Book
942 _cBK
999 _c47398
_d47398